Български хроники (Запис номер 81467)
[ съкратено ]
| 000 -Лидер | |
|---|---|
| Контролно поле с фиксирана дължина | 02001nam a2200481 c 4500 |
| 003 - Код на организацията, давaща контролен номер | |
| Контролно поле | BLK |
| 005 - Дата и час на последна редакция | |
| Контролно поле | 20250724085717.0 |
| 008 - Елементи от данни с фиксирана дължина | |
| fixed length control field | 180408b bul|||||r ||||||| ||bul|| |
| 010 ## - Наследен системен номер | |
| LC control number | KNG00085971000 |
| 020 ## - Международен стандартен номер на книга ISBN | |
| Международен стандартен номер на книга ISBN | 978-954-528-750-3 |
| 020 ## - Международен стандартен номер на книга ISBN | |
| Международен стандартен номер на книга ISBN | 978-954-528-749-7 |
| 020 ## - Международен стандартен номер на книга ISBN | |
| Международен стандартен номер на книга ISBN | 978-954-491-345-8 |
| 020 ## - Международен стандартен номер на книга ISBN | |
| Международен стандартен номер на книга ISBN | 978-954-491-344-1 |
| 040 ## - Източник на каталожния запис | |
| Идентификатор на билиотеката - собственик на записа | BLK |
| 041 ## - Код за език | |
| Код за езика на текст/звукозапис или на отделно заглавие | Български |
| Код за езика КДБФ | Български |
| 080 ## - УДК | |
| Текстов определител УДК | Българска литература |
| УДК код - определител по УДК | 821.163.2 |
| УДК определител | -94 |
| УДК - код + определител | 821.163.2-94 |
| 080 ## - УДК | |
| УДК код - определител по УДК | 949.72.033/.04 |
| УДК определител | (0:82-94) |
| УДК - код + определител | 949.72.033/.04(0:82-94) |
| 100 1# - Редна дума - Автор | |
| Автор | Цанев, Стефан Неделчев |
| Дати, свързани с автора | 1936- |
| Автор - информация (биография) | Писател, поет, драматург. |
| R(LIN) | 364639 |
| 139 ## - Редно поле | |
| Редна дума | Цанев, Стефан Неделчев |
| Авторски знак | Цан - Ц 16 |
| 245 10 - Сведения за заглавието | |
| Заглавие | Български хроники |
| Подзаглавни данни | Поема : Т. 1 - |
| Редно поле (дума) | Стефан Неделчев Цанев. |
| Том | Т. 1 |
| Заглавие на том | 2137 г. пр. Хр. - 1453 г. сл. Хр. |
| 250 ## - Област на изданието | |
| Сведения за изданието | 2. доп. и попр. изд. |
| 257 ## - Страна на издаване | |
| Страна на създаване/издаване | България |
| 260 ## - Област на издателските данни | |
| Година на издаване | 2007 - |
| Печатница | Пловдив : Жанет 45 |
| 300 ## - Физическа характеристика | |
| Размери/Мащаб | 22 см |
| 380 ## - Жанр | |
| Жанр | Худож. лит. |
| 500 ## - Общи забележки | |
| Забележка | 1. изд. 2006. - Офс. изд. |
| 590 ## - Забележки на библиотеката, притежаваща документа (RLIN) | |
| Служебно | ф |
| 650 #0 - Допълнително описание по предмет – тема | |
| Основно описание – тема или топоним | България - история |
| 9 (RLIN) | 244493 |
| 651 #4 - Допълнително описание по предмет - топоним | |
| Географско понятие | България |
| 9 (RLIN) | 241624 |
| 653 ## - Ключова дума – ненормативна | |
| Ключова дума | българска история |
| 653 ## - Ключова дума – ненормативна | |
| Ключова дума | Средновековие |
| 653 ## - Ключова дума – ненормативна | |
| Ключова дума | феодализъм |
| 653 ## - Ключова дума – ненормативна | |
| Ключова дума | прабългари |
| 760 1# - Описание на основната серия | |
| Редна дума на основното описание | Цанев, Стефан Неделчев |
| Издание | 2. доп. и попр. изд. |
| Място на издаване, издател и година | Труд, Жанет 45, 2007 |
| Страници - том | 507 с., 22 см |
| Забележка - том | Кор. загл. Български хроники : История на нашия народ от 2137 г. пр. Хр. до 1453 г. сл. Хр. - Т. 1 вкл. кн. 1 - 2. |
| Заглавие | Т. 1 2137 г. пр. Хр. - 1453 г. сл. Хр. |
| 852 ## - Местоположение | |
| Форматна сигнатура | Цб 241580 |
| 852 ## - Местоположение | |
| Форматна сигнатура | К 821.163.2/Ц 16 С |
| 856 4# - Електронен адрес и достъп | |
| Електронен формат | pdf - файл |
| 856 4# - Електронен адрес и достъп | |
| Електронен формат | pdf - файл |
| 999 ## - СИСТЕМНИ КОНТРОЛНИ НОМЕРА | |
| Koha biblionumber | 81467 |
| Koha biblioitemnumber | 81467 |
| 942 ## - АРТИКУЛИ | |
| Вид на библиотечния материал | Книги |
| Скрит в OPAC | Не |
| Koha issues (borrowed), all copies | 40 |
| Периодичен библиозапис | Да |
| 944 ## - СЪЗДАВАНЕ И РЕДАКЦИЯ на ЗАПИСА | |
| Създаване/Редакция | Създаване |
| Дата на регистрацията/редакция | 20.10.2008 |
| Статус, дата на статуса | Цветомила Тодорова |
| Служител, извършил регистрацията/редакцията | 30576 |
| 944 ## - СЪЗДАВАНЕ И РЕДАКЦИЯ на ЗАПИСА | |
| Създаване/Редакция | Редакция |
| Дата на регистрацията/редакция | 06.07.2012 |
| Статус, дата на статуса | ф / |
| 999 ## - СИСТЕМНИ КОНТРОЛНИ НОМЕРА | |
| Koha biblioitemnumber | 81467 |
| Код за отписване | Код за изгубен артикул | Източник на класификационната схема | Код за повреда | Коз за рестрикции | Код за отдаване | Артикулен № | Име на библиотеката - собственик | Име на библиотеката, в която се намира в момента | Статус (Текущо местоположение) | Дата на вписване в системата | Местоположение - отдел | Цена в лева | Инвентарен номер | Систематично азбучна сигнатура | Баркод | Номер на екземпляра | Цена в евро | Служебна бележка | Служебен тип на артикула | Номерация (Хронология) |
|---|---|---|---|---|---|---|---|---|---|---|---|---|---|---|---|---|---|---|---|---|
| Не е изгубен | Universal Decimal Classification | Не е повреден | без рестрикции | ползва се в читалня | 132193 | Регионална библиотека "Любен Каравелов" Русе | Регионална библиотека "Любен Каравелов" Русе | Краезнание | 2008-10-15 | Краезнание | 24.99 | 120000730446 | К 821.163.2/Ц 16 С | 120000730446 | 1 | 12.78 | Дост: Pk Вид: Ф N: 8703 Дата: 14.10.2008 Дата инв: 08.11.2017 Бележки инв: К2017 | Книги | ||
| Изтеглен | Не е изгубен | Universal Decimal Classification | Не е повреден | без рестрикции | заемане за дома | 132194 | Регионална библиотека "Любен Каравелов" Русе | Регионална библиотека "Любен Каравелов" Русе | Заемна - подръчен фонд | 2011-12-08 | Заемна - подръчен фонд | 14.99 | 120000754909 | П 886.7-9/Ц 16 | 120000754909 | 2 | 7.66 | Дост: Pk Вид: Ф N: 249 Дата: 05.12.2011 | Книги | |
| Не е изгубен | Не е повреден | без рестрикции | заемане за дома | 132195 | Регионална библиотека "Любен Каравелов" Русе | Регионална библиотека "Любен Каравелов" Русе | Заемна - подръчен фонд | 2011-12-08 | Заемна - подръчен фонд | 14.99 | 120000754910 | П 886.7-9/Ц 16 | 120000754910 | 3 | 7.66 | Дост: Pk Вид: Ф N: 249 Дата: 05.12.2011 Дата инв: 09.02.2018 Бележки инв: П2018 | Книги | |||
| Не е изгубен | Universal Decimal Classification | Не е повреден | без рестрикции | ползва се в читалня | 132196 | Регионална библиотека "Любен Каравелов" Русе | Регионална библиотека "Любен Каравелов" Русе | Хранилище | 2012-07-06 | Хранилище | 14.99 | 120000758853 | Цб 241580 | 120000758853 | 4 | 7.66 | Дост: Dp Вид: Д N: 24 Дата: 15.06.2011 | Книги | автограф на Ст. Цанев | |
| Не е изгубен | Universal Decimal Classification | Не е повреден | без рестрикции | заемане за дома | 872858 | Регионална библиотека "Любен Каравелов" Русе | Регионална библиотека "Любен Каравелов" Русе | Заемна - подръчен фонд | 2022-02-21 | Заемна - подръчен фонд | 14.99 | 821.163.-2-9/Ц 16 С | 120000866302 | 7.66 | Книги |